Cinco homenajes; sarmiento, rivadavia, roosevelt, hipolito yrigoyen,josé mármol /
Guardado en:
| Autor Principal: | |
|---|---|
| Formato: | Libro |
| Publicado: |
La Plata :
Olivieri y Dominguez,
1946
|
| Etiquetas: |
Agregar Etiqueta
Sin Etiquetas, Sea el primero en etiquetar este registro!
|
| LEADER | 00461nam a22001455a 4500 | ||
|---|---|---|---|
| 001 | CEM.cems001847 | ||
| 005 | 20060214000000.0 | ||
| 008 | 130507s1946##################000#0#####d | ||
| 003 | CEMS | ||
| 082 | 0 | 4 | |a 040 |
| 100 | 1 | |a Crespo García, Manuel | |
| 245 | 1 | 0 | |a Cinco homenajes; sarmiento, rivadavia, roosevelt, hipolito yrigoyen,josé mármol / |
| 260 | |a La Plata : |b Olivieri y Dominguez, |c 1946 | ||
| 300 | |a 15 p. | ||
| 859 | |a CEMS |b BIB. CEMS - 11 de abril |h 040 |i C864 |p 9690.81 |t Ej.1 | ||
